• 首页
  • 本馆介绍
  • 公告通知
  • 最新文献
  • 馆藏检索
  • 电子资源
  • 读者导购
  • 参考咨询
  • 我的图书馆
  • 登录
  • 详细信息显示
  • 放入我的书架
  • 预约/预借图书
  • 作者相关作品
  • 分类相关作品
  • 丛书相关作品
  • 出版社相关作品

书目信息

  • 表格格式
  • 工作单格式
  • 卡片格式
题名:
教材设计导论
    
 
作者: 范印哲 编著
分册:  
出版信息: 北京   高等教育出版社  2003
页数: 12,469页
开本: 20cm
丛书名:
单 册:
中图分类: G423.3
科图分类:
主题词: 高等学校--教材--研究 , 高等学校 , 教材 , 教学理论
电子资源:
ISBN: 7-04-012096-8
000 00789nam0 2200253 450
001 1260438391
005 20121004164830.96
010    @a7-04-012096-8@dCNY39.20
100    @a20030916d2003 em y0chiy0110 ea
101 0  @achi
102    @aCN@b110000
105    @ay z 001yy
200 1  @a教材设计导论@Ajiao cai she ji dao lun@f范印哲编著
210    @a北京@c高等教育出版社@d2003
215    @a12,469页@d20cm
330    @a本书论述了教材定义的发展和变化,运用系统观点整合各种教材设计的新概念、新理论和优秀教材编写的成功经验,形成了关于大学教材设计的基本框架。
606 0  @a高等学校@j教材@x研究
606 0  @a高等学校
606 0  @a教材
606 0  @a教学理论
690    @aG423.3@v4
701  0 @a范印哲@Afan yin zhe@4编著
801  0 @aCN@bNLC@c20101222
905    @a10447@dG423.3@eJY289
    
    教材设计导论/范印哲编著.-北京:高等教育出版社,2003
    12,469页;20cm
    
    
    ISBN 7-04-012096-8:CNY39.20
    本书论述了教材定义的发展和变化,运用系统观点整合各种教材设计的新概念、新理论和优秀教材编写的成功经验,形成了关于大学教材设计的基本框架。
●
相关链接 在E读中查询图书 在五车中查询图书 在当当中查询图书 在豆瓣中查询图书


正题名:教材设计导论     索取号:G423.3/JY289         预约/预借

序号 登录号 条形码 馆藏地/架位号 状态 备注
1 7805862   278058628   学院路分馆/ [索取号:G423.3/JY289] 在馆    
2 7805863   278058637   学院路分馆/ [索取号:G423.3/JY289] 在馆    
3 7805864   278058646   学院路分馆/ [索取号:G423.3/JY289] 在馆    
4 7805865   278058655   学院路分馆/ [索取号:G423.3/JY289] 在馆    
唐山师范学院图书馆 欢迎您!
大连网信软件有限公司© 版权所有